|
|
|
|
| LEADER |
00000nam2a2200000 4500 |
| 001 |
498060 |
| 005 |
20250415121633.0 |
| 035 |
|
|
|a (RuTPU)RU\TPU\prd\167875
|
| 090 |
|
|
|a 498060
|
| 100 |
|
|
|a 20130208a19909999km y0rusy50 ca
|
| 101 |
0 |
|
|a rus
|
| 102 |
|
|
|a RU
|
| 200 |
0 |
|
|a № 12
|
| 210 |
|
|
|d 2012
|
| 330 |
|
|
|a Аналитический обзор посвящен обзору литературы (отечественной и зарубежной) по проблеме межличностных отношений социокультурно и педагогически запущенных подростков со сверстниками в коллективе класса. Основное внимание уделяется проблеме формирования позитивных взаимоотношений таких подростков с одноклассниками как средству их психолого-педагогической и социальной реабилитации. Аналитический обзор адресован преподавателям высшей педагогической школы, студентам - для подготовки к воспитательной работе, работникам различных образовательных заведений, реабилитационных центров, учреждений социальной защиты.
|
| 461 |
|
1 |
|0 (RuTPU)RU\TPU\prd\23824
|t Аналитические обзоры по основным направлениям развития высшего образования
|o Обзорная информация
|f Федеральный институт развития образования
|v № 12
|d 2007-
|
| 464 |
|
|
|t Социокультурно и педагогически запущенные подростки: межличностные отношения со сверстниками
|f Е. А. Горшкова
|
| 610 |
1 |
|
|a аналитические обзоры
|
| 610 |
1 |
|
|a подростки
|
| 610 |
1 |
|
|a межличностные отношения
|
| 610 |
1 |
|
|a социокультурная запущенность
|
| 610 |
1 |
|
|a педагогическая запущенность
|
| 610 |
1 |
|
|a социальная реабилитация
|
| 610 |
1 |
|
|a психолого-педагогическая реабилитация
|
| 801 |
|
0 |
|a RU
|b 63413507
|c 20010227
|g PSBO
|
| 801 |
|
1 |
|a RU
|b 63413507
|c 20130208
|
| 801 |
|
2 |
|a RU
|b 63413507
|c 20140225
|g RCR
|
| 850 |
|
|
|a 63413507
|
| 942 |
|
|
|c CR
|